| 000 | 00509nam a22001577a 4500 | ||
|---|---|---|---|
| 008 | 141126b xxu||||| |||| 00| 0 eng d | ||
| 050 | _aZ325.J76.H68 | ||
| 100 |
_aHoward, Michael S. _912831 |
||
| 245 |
_aJonathan Cape publisher _bHerbert Jonathan, G Wren Howard _c/ Michael S. Howard |
||
| 260 |
_aLondon _bJonathan Cape _c1971 |
||
| 300 |
_a351p. _c24cm. |
||
| 600 |
_aCape, Herbert Jonathan _912832 |
||
| 600 |
_aHoward, George Wren _912833 |
||
| 610 |
_aJonathan Cape Ltd _912834 |
||
| 942 |
_2lcc _cMONOGRAPH |
||
| 999 |
_c121309 _d121309 |
||